<?xml version="1.0" encoding="UTF-8"?>
<record
    xmlns:xsi="http://www.w3.org/2001/XMLSchema-instance"
    xsi:schemaLocation="http://www.loc.gov/MARC21/slim http://www.loc.gov/standards/marcxml/schema/MARC21slim.xsd"
    xmlns="http://www.loc.gov/MARC21/slim">

  <leader>02005nam a22002177a 4500</leader>
  <controlfield tag="003">IT-MiCISF</controlfield>
  <controlfield tag="005">20230130114306.0</controlfield>
  <controlfield tag="008">230130b        |||||||| |||| 00| 0 eng d</controlfield>
  <datafield tag="040" ind1=" " ind2=" ">
    <subfield code="c">IT-MiCISF</subfield>
  </datafield>
  <datafield tag="041" ind1=" " ind2=" ">
    <subfield code="a">italiano</subfield>
  </datafield>
  <datafield tag="100" ind1=" " ind2=" ">
    <subfield code="a">Roberto Rita (a cura di)</subfield>
    <subfield code="9">57337</subfield>
  </datafield>
  <datafield tag="245" ind1=" " ind2=" ">
    <subfield code="a">Coppia</subfield>
    <subfield code="b">Sfide e risorse del vivere insieme</subfield>
  </datafield>
  <datafield tag="260" ind1=" " ind2=" ">
    <subfield code="a">Alessandria,</subfield>
    <subfield code="b">Edizione A.I.C.C.e F.,</subfield>
    <subfield code="c">2017</subfield>
  </datafield>
  <datafield tag="300" ind1=" " ind2=" ">
    <subfield code="a">pp. 327</subfield>
  </datafield>
  <datafield tag="500" ind1=" " ind2=" ">
    <subfield code="a">coppia, coppia-in-crisi, consulenza, consultori, storia, tecniche-di-consulenza, ciclo-familiare</subfield>
  </datafield>
  <datafield tag="520" ind1=" " ind2=" ">
    <subfield code="a">In primo luogo queste pagine meritano attenzione perch&#xE9; raccontando la storia della consulenza familiare nel nostro Paese si racconta anche la storia della famiglia, dei servizi socio-sanitari e di welfare, e soprattutto della difficile relazione tra questi due mondi. Entrambi questi mondi sono stati raramente centrali nelle pagine dei giornali e nelle voci degli speaker radiofonici e televisivi. Attenti piuttosto alla storia dei grandi gruppi industriali, o alle vicende della politica, o dello star-system dello spettacolo, del cinema, del calcio. Di povert&#xE0;, di welfare, di servizi per persone e famiglie non si &#xE8; parlato molto, e anche l&#x2019;attenzione alla famiglia, bench&#xE9; molto usata nel discorso politico retorico, &#xE8; stata quasi sempre sfruttata, anzich&#xE9; essere raccontata. 
Leggendo tra le righe di queste pagine, mentre si legge la storia dei consultori e dei consulenti familiari, si pu&#xF2; ritrovare anche la complessa vicenda del welfare del nostro Paese, e del posto (tendenzialmente marginale) che &#xE8; stato riservato in esso alla famiglia, alle sua capacit&#xE0; di resistenza e soprattutto al suo sostegno.</subfield>
  </datafield>
  <datafield tag="650" ind1=" " ind2=" ">
    <subfield code="a">consulenza-familiare</subfield>
    <subfield code="9">56183</subfield>
  </datafield>
  <datafield tag="654" ind1=" " ind2=" ">
    <subfield code="a">antologia</subfield>
  </datafield>
  <datafield tag="700" ind1=" " ind2=" ">
    <subfield code="a">Rossi R., Bartholini G., Zurlo M.C., Rizzo L., Cesari G., Ravenna M., Feretti A., Liggeri P., Cupia L.</subfield>
    <subfield code="a">Fanelli R., Baldo E., Guarrella E., Cairoli Moschioni G., Qualiano M., Monti C., Vella A.M., Belletti F., Guidi D., Tonizzo F.</subfield>
    <subfield code="9">59291</subfield>
  </datafield>
  <datafield tag="942" ind1=" " ind2=" ">
    <subfield code="2">ddc</subfield>
    <subfield code="c">BK</subfield>
  </datafield>
  <datafield tag="999" ind1=" " ind2=" ">
    <subfield code="c">359568</subfield>
    <subfield code="d">359568</subfield>
  </datafield>
  <datafield tag="952" ind1=" " ind2=" ">
    <subfield code="0">0</subfield>
    <subfield code="1">0</subfield>
    <subfield code="2">ddc</subfield>
    <subfield code="4">0</subfield>
    <subfield code="6">B_7107_000000000000000</subfield>
    <subfield code="7">1</subfield>
    <subfield code="a">CISF</subfield>
    <subfield code="b">CISF</subfield>
    <subfield code="d">2023-01-30</subfield>
    <subfield code="l">0</subfield>
    <subfield code="o">B7107</subfield>
    <subfield code="r">2023-01-30 00:00:00</subfield>
    <subfield code="w">2023-01-30</subfield>
    <subfield code="y">BK</subfield>
  </datafield>
</record>
